Statistics for FC 24 Best Of

Click here to take the quiz!

General Stats

  • This quiz has been taken 16 times
  • The average score is 24 of 32

Answer Stats

ctratposclubplaeyr% Correct
TOTWTOTW91STFC BarcelonaRobert Lewandowski
100%
TOTWTOTW90CBLiverpoolVirgil van Dijk
100%
TOTWTOTW89CMReal MadridFederico Valverde
93%
TOTWTOTW87CAMReal MadridJude Bellingham
93%
Black FridayTrailblazers92STParis Saint-GermainKylian Mbappé
93%
TOTWTOTW87RWParis Saint-GermainOusmane Dembélé
93%
TOTWTOTW88STTottenham HotspurSon Heung-Min
93%
TOTWTOTW89STAtlético MadridAntoine Griezmann
87%
Black FridayUCL RTTK90CAMManchester UnitedBruno Fernandes
87%
Black FridayUCL RTTK90RWArsenalBukayo Saka
87%
Black FridayUCL RTTK94STManchester CityErling Haaland
87%
Black FridayCenturions92CMManchester CityKevin De Bruyne
87%
Black FridayTrailblazers88STAl-NassrCristiano Ronaldo
80%
Black FridayCenturions89CAMBayern MunichJamal Musiala
80%
Black FridayCenturions88LWManchester UnitedMarcus Rashford
80%
Black FridayTrailblazers87LWAC MilanRafael Leão
73%
TOTWTOTW86STReal MadridRodrygo
73%
Black FridayUCL RTTK90STSSC NapoliVictor Osimhen
73%
Black FridayCenturions85LBReal MadridFerland Mendy
67%
TOTWTOTW85LMManchester CityJeremy Doku
67%
Black FridayTrailblazers88RBFC BarcelonaJoão Cancelo
67%
TOTWTOTW86CMBayern MunichLeon Goretzka
67%
Black FridayCenturions90STVfL Wolfsburg WomenAlexandra Popp
60%
Black FridayTrailblazers86CMWest Ham UnitedJames Ward-Prowse
60%
Black FridayUCL RTTK88CBUnion BerlinLeonardo Bonucci
60%
TOTWTOTW84GKAC MilanOlivier Giroud
60%
Black FridayUCL RTTK85CBAC MilanPierre Kalulu
53%
TOTWTOTW87LBParis Saint-Germain FéminineSakina Karchaoui
53%
TOTWTOTW84LBBrighton & Hove AlbionTariq Lamptey
53%
TOTWTOTW89CBOlympique Lyonnais FémininWendie Renard
53%
Black FridayTrailblazers91RWFC Barcelona FemeníCaroline Graham Hansen
40%
Black FridayTrailblazers89STPortland ThornsSophia Smith
33%

Score Distribution

Percentile by Number Answered

Percent of People with Each Score

Your Score History

You have not taken this quiz